El derecho en la existencia humana: principios de ontofenomenología jurídica

Gardado en:
Detalles Bibliográficos
Autor Principal: Cotta, Sergio (Author)
Formato: Libro
Idioma:Lingua castelá
Publicado: Pamplona Universidad de Navarra 1987
Series:Jurídica
Subjects:
Tags: Engadir etiqueta
Sen Etiquetas, Sexa o primeiro en etiquetar este rexistro!

MARC

LEADER 00000nam a2200000 a 4500
001 UCV1197
003 CL-VaPUC
008 891128e19870000SP |||||||||||||||||spa|d
082 0 4 |a 340.1  |b COT  |2 21 
100 0 |a Cotta, Sergio  |e author  |9 295440 
245 1 3 |a El derecho en la existencia humana: principios de ontofenomenología jurídica 
300 |a 248 p 
942 |c BK 
945 |d 19891128 00:00:00 
260 |a Pamplona  |b Universidad de Navarra  |c 1987 
650 0 |a Filosofía del derecho   |9 255050 
583 |a last modification  |c 19891128 00:00:00  |k Rodrigo Vera 
490 0 |a Jurídica 
999 |c 209224  |d 209222 
952 |0 0  |1 0  |4 0  |6 340_100000000000000_COT_1987  |7 0  |8 DER_TF  |9 184534  |a BIBDER  |b BIBDER  |d 2019-11-14  |i 2518015  |l 1  |o 340.1 COT 1987  |p 2518015  |r 2023-01-25  |s 2020-03-18  |w 2019-11-14  |x Ubicación 4to Piso  |y BK  |z Estos recursos deben solicitarse con anticipación  |k DER 
952 |0 0  |1 0  |4 0  |6 340_100000000000000_COT_1987  |7 0  |8 A  |9 184535  |a BIBDER  |b BIBDER  |d 2019-11-14  |i 2518023  |o 340.1 COT 1987  |p 2518023  |r 2023-01-25  |w 2019-11-14  |y BK  |k DER